01278nam a2200241 a 450000100100000000500170001000800410002702000150006804000250008308200160010810000390012424500530016326002100021630000250042649000810045150400300053283000840056204900100064695201290065695201140078595201200089999900170101900002757320200930030932.0110401s2004 dr 000 0 spa d a9945000209 aDO-SdBNPbspacBNPHU axxxxbM662m1 aMimenza Aurrecoechea, Ander95467010aPlan de Marketing /cAnder Mimenza Aurrecoechea. aSanto Domingo :bAlianza ONG, Programa de Fortalecimiento de Capacidades de Organizaciones sin Fines de Lucro en Gestión, marketing y tecnologías de la Información :bW. K. Kellogg Foundation,c2004. axii, 55 p. ;c23 cm.1 aManuales para el fortalecimiento de Organizaciones sin Fines de Lucrovno. 9 aBibliografía : p. 53-55 0aManuales para el fortalecimiento de Organizaciones sin Fines de Lucrov9954672 aBNPHU 001054708DSaGRbGRcCTd2011-07-06iLF1l0oxxxx M662mp27573-30r2020-06-25te. 3w2020-06-25yLFDSZPréstamo en sala 0010718PDaPDbPDcCTd2011-04-01iLF1l0oxxxx M662mp27573-10r2020-06-25w2020-06-25yLFPDZNo se presta 0010718PDaPDbPDcCTd2011-04-01iLF1l0oxxxx M662mp27573-20r2020-06-25te. 2w2020-06-25yLFPDZNo se presta c27065d27065